Monumentálne reštaurátorstvo Márie Spoločníkovej

Bibliographic Details
Main Author: Eliáš, Štefan, 1942-2020 (Author)
Format: Article
Language:Slovak
ISBN:9788089093144
Subjects:

MARC

LEADER 00000nab a2200000 ar4500
001 vtls009348072
003 SK-MaSNL
005 20260305002446.0
008 081015c2007 xo |||||| | ||00 b|slo
015 |a SNBRA2008/10  |2 snkbucl 
038 |a SNKBUCL 
040 |a SNKBUCL  |b slo  |c SNKBUCL  |e AACR2 
041 0 |a slo 
044 |a xo  |c SK 
080 |a 7.071.3  |2 1997 
080 |a 061.4  |2 1997 
080 |a 7.025.3/.4  |2 1997 
100 1 |a Eliáš, Štefan,  |d 1942-2020  |4 aut  |9 245209 
245 1 0 |a Monumentálne reštaurátorstvo Márie Spoločníkovej  |c Štefan Eliáš 
600 1 7 |a Spoločníková, Mária,  |d 1926-2021  |2 snkbucl  |9 204134 
650 0 7 |a reštaurátorstvo  |2 SNKPH  |9 18959 
773 0 |t Historica Carpatica. 37/2006  |d Košice : Východoslovenské múzeum, 2007  |g S. 147-148  |z 9788089093144 
852 |a SNK  |b KIS3GCP 
999 |c 3225613  |d 3227543